000 00768nmc a2200277 a 4500
003 AR-BaBNM
005 20251128202702.0
008 035020sc200 ||||||||||||||000 | spa||
020 _a987-1138-38-5
040 _cAR-BaBNM
100 1 _aNeruda, Pablo
245 1 0 _aCantos ceremoniales
_b; Plenos poderes
260 _aBuenos Aires
_bDebolsillo
_cc2004
300 0 _a171 p.
490 0 _aContemporánea
500 0 _aEdición y notas de Hernán Loyola. Prólogo de Antonio Cisneros
650 4 _aLITERATURA CHILENA
650 4 _aLITERATURA CONTEMPORANEA
650 4 _aPOESIA
655 _aLITERATURA
700 1 _aLoyola, Hernán
_eeditor
700 1 _aCisneros, Antonio
_eprologuista
740 0 _aPlenos poderes
942 _cBK
998 _cme-solo cat
999 _c123
_d123